Breve, necesaria y tormentosa historia del FUAC. FUAC mitos en el camino
Este artículo reseña la historia del Frente Unido Andrés Castro, FUAC, grupo armado nicaragüense que, siendo un proyecto presuntamente democratizador y antimilitarista, multiplicó y excacerbó las opciones belicistas. El FUAC construyó un limitado y muy particular perfil revolucionario. No se hiciero...
Сохранить в:
| Главный автор: | |
|---|---|
| Формат: | |
| Язык: | Spanish |
| Предметы: | |
| Метки: |
Добавить метку
Нет меток, Требуется 1-ая метка записи!
|
MARC
| LEADER | 00000nam a22000007a 4500 | ||
|---|---|---|---|
| 003 | cru CIDCACS/IIS | ||
| 005 | 20220511062540.0 | ||
| 007 | TA | ||
| 008 | 170801b2001 nq ||||| |||| 00| 0 spa d | ||
| 999 | |c 19515 |d 19515 | ||
| 040 | |c CRAI/IIS |a CRAI/IIS | ||
| 090 | |a REV0431 20(232) 2001 | ||
| 100 | 1 | |a Rocha Gómez, José Luis |9 1048 | |
| 245 | |a Breve, necesaria y tormentosa historia del FUAC. FUAC mitos en el camino |c José Luis Rocha | ||
| 300 | |a 10-28 páginas | ||
| 520 | |a Este artículo reseña la historia del Frente Unido Andrés Castro, FUAC, grupo armado nicaragüense que, siendo un proyecto presuntamente democratizador y antimilitarista, multiplicó y excacerbó las opciones belicistas. El FUAC construyó un limitado y muy particular perfil revolucionario. No se hicieron esperar los conflictos entre este grupo y el gobierno | ||
| 650 | 1 | 0 | |9 306 |a ELECCIONES |
| 650 | 0 | |9 4911 |a GOBIERNO | |
| 650 | 0 | |9 4728 |a CONFLICTOS | |
| 650 | 4 | |9 1934 |a MILITARISMO | |
| 651 | 0 | |9 1861 |a NICARAGUA | |
| 942 | |2 ddc |c PP | ||
| 773 | 0 | |0 19513 |9 1067 |a Universidad Centroamericana (UCA) de Managua, Nicaragua |d Managua: Nicaragua UCA 1981- |o 17758 |t Envio | |
